000 01069cam a22003017a 4500
003 CO-ViMGA
005 20230915233132.0
008 030113s2004 ck 000 0 spa
020 _a9588160820
040 _aCO-ViMGA
_bspa
_cCO-ViMGA
090 _aN ROMR1
100 1 0 _aRomero, Armando,
_d1944-
_920191
245 1 3 _aLa rueda de Chicago
_cArmando Romero ; editores Benjamin Villegas, Maria Villegas
250 _a1a. edicin̤
260 _aBogot
_bVillegas Editores
_c2004
300 _a424 pg̀inas
_c22 cm.
490 0 _aColeccion̤ dorada intere general
490 0 _aVillegas. Novela
500 _aDonacin̤ Villegas Editores
500 _aIncluye datos biogrf̀icos del autor
650 1 4 _2LEMB
_aLatinoamericanos en Estados Unidos
_vNovela
_922068
650 1 4 _2LEMB
_aLiteratura colombiana
_ySiglo XX
_92515
650 1 4 _2LEMB
_aNovela amorosa colombiana
_922587
650 1 4 _2LEMB
_aNovela colombiana
_ySiglo XX
_92514
700 1 0 _aVillegas, Benjamn̕,
_d1948-
_eeditor
_919960
700 1 0 _aVillegas, Mara̕,
_d1976-
_eeditor
_920436
942 _2ddc
_cBK
999 _c35520
_d35520